01224nam a2200241 a 450000100100000000500170001000800410002704000250006808200180009311000590011124501260017026000850029630000270038165000470040865000450045565000590050070000290055904900100058895201300059895201160072895201210084499900170096500001753220200929165137.0100326s2006 dr a 000 0 spa d aDO-SdBNPbspacBNPHU a363.34bC397o1 aCentro de Investigación y Educación Popular93265810aOrganización comunitaria para la prevención de desastres :bguía metodológica /cPresentación Walter Navarrete. aSanto Domingo :bCentro de Investigación y Educación Popular (CIEPO),c2006. a56 p. :bil. ;c19 cm. 4aDesastres naturalesxOrganización938277 4aDesastres naturalesxPrevención938278 4aSistemas de prevención de desastres naturales9382791 aNavarrete, Walter938280 aBNPHD 001054708DSaGRbGRcCTd2010-03-26iLF1l0o363.34 C397op17532-30r2020-06-25te.3w2020-06-25yLFDSZPréstamo en sala 0010718PDaPDbPDcCTd2010-03-26iLF1l0o363.34 C397op17532-10r2020-06-25w2020-06-25yLFPDZNo se presta 0010718PDaPDbPDcCTd2010-03-26iLF1l0o363.34 C397op17532-20r2020-06-25te.2w2020-06-25yLFPDZNo se presta c17057d17057